<?xml version="1.0" encoding="UTF-8"?>
<collection xmlns="http://www.loc.gov/MARC21/slim">
    <record>
        <controlfield tag="001">67255</controlfield>
        <controlfield tag="005">20180223105118.0</controlfield>
        <datafield tag="037" ind1=" " ind2=" ">
            <subfield code="a">GDOC-2016-29030</subfield>
        </datafield>
        <datafield tag="041" ind1=" " ind2=" ">
            <subfield code="a">spa</subfield>
        </datafield>
        <datafield tag="100" ind1=" " ind2=" ">
            <subfield code="1"></subfield>
            <subfield code="a"></subfield>
        </datafield>
        <datafield tag="245" ind1="0" ind2="0">
            <subfield code="9">29030</subfield>
            <subfield code="a">Lenguaje administrativo</subfield>
        </datafield>
        <datafield tag="260" ind1=" " ind2=" ">
            <subfield code="a">Zaragoza</subfield>
            <subfield code="b">Universidad de Zaragoza</subfield>
            <subfield code="c">2016-2017</subfield>
        </datafield>
        <datafield tag="520" ind1=" " ind2=" ">
            <subfield code="a">Breve presentación de la asignatura
La asignatura Lenguaje Administrativo es optativa y se cursa en 4º curso (1er. semestre). Representa una introducción al conocimiento del tecnolecto del español propio de la Administración en general y de los escritos de carácter administrativo. Proporciona una visión amplia del concepto de tecnolecto y de sus rasgos generales, así como una análisis pormenorizado de las características del lenguaje administrativo español (castellano) y de los diferentes tipos de documentos. Adiestra al alumno en la detección de fallos, en la mejora de la expresión y en la redacción y corrección de documentos, teniendo en cuenta aspectos lingüísticos y comunicacionales.
 </subfield>
            <subfield code="b"> </subfield>
        </datafield>
        <datafield tag="521" ind1=" " ind2=" ">
            <subfield code="9">136</subfield>
            <subfield code="a">Gestión y Administración Pública</subfield>
        </datafield>
        <datafield tag="540" ind1=" " ind2=" ">
            <subfield code="a">by-nc-sa</subfield>
            <subfield code="b">Creative Commons</subfield>
            <subfield code="c">3.0</subfield>
            <subfield code="u">http://creativecommons.org/licenses/by-nc-sa/3.0/</subfield>
        </datafield>
        <datafield tag="830" ind1=" " ind2=" ">
            <subfield code="9">429</subfield>
        </datafield>
        <datafield tag="856" ind1="4" ind2=" ">
            <subfield code="s">16604</subfield>
            <subfield code="u">http://zaguan.unizar.es/record/67255/files/guia-29030-es.pdf</subfield>
            <subfield code="y">Guía (idioma español)</subfield>
        </datafield>
        <datafield tag="856" ind1="4" ind2=" ">
            <subfield code="s">7589</subfield>
            <subfield code="u">http://zaguan.unizar.es/record/67255/files/guia-29030-en.pdf</subfield>
            <subfield code="y">Guide (english)</subfield>
        </datafield>
        <datafield tag="970" ind1=" " ind2=" ">
            <subfield code="a">GDOC-2016-29030</subfield>
        </datafield>
        <datafield tag="980" ind1=" " ind2=" ">
            <subfield code="a">GDOC</subfield>
            <subfield code="b">Ciencias sociales y jurídicas</subfield>
            <subfield code="c">228</subfield>
        </datafield>
    </record>

    
</collection>